00726nam a2200181 i 450000100060000000300090000600500170001500700030003200800410003510000260007624501360010226000760023830000290031470000300034385200320037399900170040595201220042280259ES-MaACL20230906174156.0t|041027s1966 sp ||||1| spa d1 aHidalgo, Luis.96357410aInfluencia de la densidad y disposición de plantación en la producción del viñedo / cpor Luis Hidalgo y Manuel R. Candela. aMadrid : bInstituto Nacional de Investigaciones Agronómicas, c1966. a68 p. : bil. ; c24 cm.1 aCandela, Manuel R.934456 aES-MaACLjC-33002 bR.63504 c80259d80259 00104070aATENEOMbATENEOMcDEPO2d2008-01-17eSCl0oC-33002p1083914r2023-02-23 00:00:00w2023-02-23yMONOGRAFIA